000 00594nam a2200181Ia 4500
008 240729s9999 xx 000 0 und d
022 _a2798-4834
245 0 _aJournal of Islamic Economics and Business
260 _aIndonesia
260 _bFakultas Ekonomi and bisnis UIN Sunan Gunung Djati Bandung
650 _a Economic theory. Demography | Philosophy. Psychology. Religion
650 _a Islam
650 _a Islam. Bahai Faith. Theosophy, etc.
650 _aSocial Sciences
856 _uhttps://doaj.org/toc/d4e4e8f9bfbb4f8eb3f95dfae8974779
942 _2ddc
942 _cDOAJEJ
999 _c68657
_d68657
945 _a1
_bMadushi Gamage
_c1
_dMadushi Gamage